000 00434nam a2200181Ia 4500
001 19531
005 20260306172700.0
008 260306t2006||||xx |||||||||||||| ||spa||
041 _aESP
082 _a340.11
_bK64
100 _aKluger, Viviana (comp.)
_eAUT
245 0 _aAnálisis económico del derecho
260 _c2006
300 _a302 páginas :
_c23 cm.
650 _aGEN
654 _aCDE
942 _cLIB
_dJUS
_fJUS
_2ddc
_n
999 _c19531
_d19531